000
00358nam a2200145Ia 4500
008
090124s9999 xx 000 0 und d
082
_b
201757
245
_a
तडीपार
250
_a
2
260
_b
खरात शंकरराव.
_c
1965
300
_a
152
630
_a
तडीपार
730
_a
तडीपार
942
_c
BOOK
999
_c
183338
_d
183338